000 00275nam a2200109Ia 4500
008 220120s9999||||xx |||||||||||||| ||und||
100 _aJawaraski, Jamie
_911663
245 0 _aJava 2 certification
260 _aTata mcgraw hill
_c2000
300 _b0
650 _aCONTROL SYSTEM
999 _c136811
_d136811